[Event "Regionalliga SW 1112"]
[Site "Bayern"]
[Date "2012.02.26"]
[Round "7.7"]
[White "Mueller, Marcus"]
[Black "Holzer, Erwin"]
[Result "1-0"]
[WhiteElo "2083"]
[BlackElo "1868"]
[PlyCount "47"]
[EventDate "2011.10.02"]
[EventType "team-tourn"]
[EventRounds "9"]
[EventCountry "GER"]
[SourceTitle "EXT 2015"]
[Source "ChessBase"]
[SourceDate "2014.11.20"]
[SourceVersion "1"]
[SourceVersionDate "2014.11.20"]
[SourceQuality "1"]
[WhiteTeam "Garching II"]
[BlackTeam "Schwabing SG Nord"]
[WhiteTeamCountry "GER"]
[BlackTeamCountry "GER"]

1. Nf3 d5 2. d4 Nf6 3. c4 e6 4. Nc3 Nbd7 5. e3 c6 6. Bd3 Bd6 7. 0-0 0-0 8. e4 dxc4 9. Bxc4 e5 10. Bg5 Qc7 11. Rc1 a6 12. Bb3 Qa5 13. dxe5 Bxe5 14. Nxe5 Qxe5 15. f4 Qc5+ 16. Kh1 Qb4 17. e5 Ne4 18. a3 Nxc3 19. Rxc3 Qb6 20. e6 Nc5 21. e7 Re8 22. Bxf7+ Kxf7 23. Qh5+ g6 24. Qxh7+ 1-0

[Event "Regionalliga SW 1112"]
[Site "Bayern"]
[Date "2012.02.05"]
[Round "6.7"]
[White "Holzer, Erwin"]
[Black "Linke, Stefan"]
[Result "0-1"]
[WhiteElo "1868"]
[BlackElo "2100"]
[PlyCount "112"]
[EventDate "2011.10.02"]
[EventType "team-tourn"]
[EventRounds "9"]
[EventCountry "GER"]
[SourceTitle "EXT 2013"]
[Source "ChessBase"]
[SourceDate "2012.11.22"]
[SourceVersion "1"]
[SourceVersionDate "2012.11.22"]
[SourceQuality "1"]
[WhiteTeam "Schwabing SG Nord"]
[BlackTeam "Muenchen Suedost"]
[WhiteTeamCountry "GER"]
[BlackTeamCountry "GER"]

1. d4 Nf6 2. Nf3 b5 3. e3 a6 4. a4 b4 5. c4 e6 6. b3 Bb7 7. Nbd2 Be7 8. Bd3 d6 9. e4 c5 10. d5 Nbd7 11. 0-0 e5 12. Ne1 Nf8 13. Nc2 N6d7 14. Nf3 Bf6 15. Nfe1 Bg5 16. Be3 Qf6 17. Qd2 Bxe3 18. Nxe3 Kd8 19. Be2 h5 20. Bf3 Kc7 21. g3 Re8 22. Bh1 h4 23. g4 h3 24. Nf5 g6 25. Ng3 Rh4 26. Bf3 Bc8 27. Bd1 a5 28. f3 Qg7 29. Nd3 Kb6 30. Ra2 Nf6 31. Qg5 Rh8 32. Raf2 N6h7 33. Qd2 g5 34. Re1 Ng6 35. Kh1 Nf4 36. Nxf4 exf4 37. Nf1 Nf8 38. Qb2 Re5 39. Nd2 f5 40. Rg1 fxg4 41. fxg4 Rg8 42. Bc2 Nd7 43. Nf3 Ree8 44. Qxg7 Rxg7 45. e5 Nxe5 46. Bf5 Bxf5 47. gxf5 g4 48. f6 Rg6 49. Nxe5 dxe5 50. Re2 Rxf6 51. Rxg4 f3 52. Rf2 e4 53. Rg3 e3 54. Rfxf3 Rxf3 55. Rxf3 e2 56. Rf6+ Ka7 0-1

[Event "Regionalliga SW 1112"]
[Site "Bayern"]
[Date "2011.10.02"]
[Round "1.6"]
[White "Braun, Thomas1111"]
[Black "Holzer, Erwin"]
[Result "1-0"]
[WhiteElo "2057"]
[BlackElo "1868"]
[PlyCount "79"]
[EventDate "2011.10.02"]
[EventType "team-tourn"]
[EventRounds "9"]
[EventCountry "GER"]
[SourceTitle "EXT 2013"]
[Source "ChessBase"]
[SourceDate "2012.11.22"]
[SourceVersion "1"]
[SourceVersionDate "2012.11.22"]
[SourceQuality "1"]
[WhiteTeam "Bayern Muenchen III"]
[BlackTeam "Schwabing SG Nord"]
[WhiteTeamCountry "GER"]
[BlackTeamCountry "GER"]

1. d4 d5 2. c4 e6 3. Nc3 Nf6 4. Bg5 Nbd7 5. e3 c6 6. Nf3 Qa5 7. cxd5 Nxd5 8. Qd2 Bb4 9. Rc1 N7b6 10. Bd3 Na4 11. a3 Bxc3 12. bxc3 Ndxc3 13. 0-0 f6 14. Bf4 Qd8 15. Rxc3 Nxc3 16. Qxc3 0-0 17. Qc2 g6 18. Rc1 Qe7 19. Qb2 Rd8 20. e4 g5 21. Bd2 g4 22. Bb4 Qd7 23. Ne1 Qxd4 24. Bc3 Qb6 25. Qe2 e5 26. Bc4+ Kg7 27. Nc2 c5 28. Ne3 h5 29. h3 gxh3 30. Qxh5 Be6 31. Bxe6 Qxe6 32. Nf5+ Kg8 33. Qg6+ Kf8 34. Bd2 Rxd2 35. Qh6+ Kf7 36. Qxd2 hxg2 37. Rxc5 Rh8 38. Rc7+ Kg6 39. Rg7+ Kh5 40. Qe2# 1-0

[Event "Regionalliga SW 1011"]
[Site "Bayern"]
[Date "2010.11.14"]
[Round "3.6"]
[White "Holzer, Erwin"]
[Black "Broschwitz, Martin"]
[Result "1/2-1/2"]
[WhiteElo "1840"]
[BlackElo "2086"]
[PlyCount "80"]
[EventDate "2010.10.10"]
[EventType "team-tourn"]
[EventRounds "9"]
[EventCountry "GER"]
[SourceTitle "EXT 2012"]
[Source "ChessBase"]
[SourceDate "2011.11.24"]
[SourceVersion "1"]
[SourceVersionDate "2011.11.24"]
[SourceQuality "1"]
[WhiteTeam "Muenchen Schwabing"]
[BlackTeam "Unterhaching"]
[WhiteTeamCountry "GER"]
[BlackTeamCountry "GER"]

1. d4 Nf6 2. Nf3 d5 3. e3 e6 4. Bd3 c5 5. c3 Nc6 6. Nbd2 Be7 7. 0-0 0-0 8. dxc5 Bxc5 9. e4 Re8 10. Qe2 b6 11. e5 Nd7 12. Nb3 Be7 13. Nbd4 Bb7 14. Re1 Nf8 15. Nxc6 Bxc6 16. Nd4 Bd7 17. f4 f6 18. exf6 Bxf6 19. Nf3 Qc7 20. Ne5 Rad8 21. Qg4 Bc6 22. Be3 g6 23. Bd4 Bg7 24. Re3 Re7 25. Rae1 Be8 26. Nf3 Bxd4 27. Nxd4 Bd7 28. Qg5 Rg7 29. Re5 Re8 30. h4 Qd8 31. Qxd8 Rxd8 32. h5 gxh5 33. Rxh5 Rg4 34. Re3 Ng6 35. Bxg6 hxg6 36. Rhe5 Rxf4 37. Nxe6 Bxe6 38. Rxe6 Kg7 39. Re7+ Rf7 40. Rxf7+ Kxf7 1/2-1/2